Statistics for Countries by area

Click here to take the quiz!

General Stats

  • This quiz has been taken 12 times
  • The average score is 9 of 10

Answer Stats

HintAnswer% Correct
8,515,767 km²Brazil
100%
9,984,670 km²Canada
100%
9,706,961 km²China
100%
3,287,590 km²India
100%
17,098,242 km²Russia
100%
2,780,400 km²Argentina
88%
9,372,610 km²United States
88%
2,381,741 km²Algeria
75%
7,692,024 km²Australia
75%
2,724,900 km²Kazakhstan
75%

Score Distribution

Percentile by Number Answered

Percent of People with Each Score

Your Score History

You have not taken this quiz